| 000 | 00432nam a2200133Ia 4500 | ||
|---|---|---|---|
| 008 | 220331s9999||||xx |||||||||||||| ||und|| | ||
| 020 | _a97893257980014 | ||
| 082 | _a547.2 OZI | ||
| 100 |
_aOzin, Geoffrey, A., Arsenault, Andre, C and Cademartiri, Ludovico _913172 |
||
| 245 | 0 | _aNanochemistry: a chemical approach to nanomaterials | |
| 260 |
_aCambridge _bRSC Publishing _c2009 |
||
| 300 |
_aLIII, 820p. _b9002 |
||
| 650 | _aChemistry | ||
| 999 |
_c189450 _d189450 |
||